000
00249nam a2200097Ia 4500
001
1073681
005
20250827002206.0
008
250824s9999 xx 000 0 und d
245
0
_a
İKNA ETMEK İÇİN YAZMAK
_c
TRISH HALL
260
_b
ORENDA YAYINLARI
999
_c
1073681
_d
1073681